banner-ar

عبدالحميد بن يحيى الكاتب: وماتبقى من رسائله ورسائل سالم ابى العلاء / (Record no. 30214)

MARC details
000 -الفاتح
حقل البيانات ثابتة الطول 00714nam a2200217Ia 4500
005 - وقت وتاريخ اخر تعامل مع التسجيلة
رقم الضبط 20240530102146.0
008 - عناصر البيانات ثابتة الطول - معلومات عامة
حقل البيانات ثابتة الطول 140319s9999 xx 000 0 ara d
040 ## - مصدر الفهرسة
وكالة الفهرسة الأصلية GCL /
وكالة النسخ GCL
082 04 - رقم تصنيف ديوى العشرى
رقم التصنيف 811.008
رقم المادة ا ع
100 1# - المدخل الرئيسى - إسم شخصى
الإسم الشخصى احسان عباس
245 10 - بيان العنوان
العنوان عبدالحميد بن يحيى الكاتب: وماتبقى من رسائله ورسائل سالم ابى العلاء /
بيان المسئوليه,etc احسان عباس
260 ## - PUBLICATION, DISTRIBUTION, ETC. (IMPRINT)
تاريخ النشر أو التوزيع 1988
300 ## - الوصف المادى
التعداد 339 ص
650 04 - المدخل الاضافى بالموضوع-مصطلح موضوعى
مصطلح موضوعي الادب العربى
650 04 - المدخل الاضافى بالموضوع-مصطلح موضوعى
مصطلح موضوعي الرسائل
650 04 - المدخل الاضافى بالموضوع-مصطلح موضوعى
مصطلح موضوعي الرسائل فى الادب
650 04 - المدخل الاضافى بالموضوع-مصطلح موضوعى
مصطلح موضوعي عبدالحميد الكاتب
650 04 - المدخل الاضافى بالموضوع-مصطلح موضوعى
مصطلح موضوعي المجموعات
942 ## - عناصر المدخل الإضافي( كوها)
مصدر التصنيف او مخطط الترفيف Dewey Decimal Classification
Koha [default] item type كتاب
260 ## - PUBLICATION, DISTRIBUTION, ETC. (IMPRINT)
-- [S.N] :
-- دار الشروق ،
Holdings
حالة التراجع حالة الفقد حالة تلف ليس للاعارة المكان المؤقت الموقع الحالى تاريخ الاكتساب اجمالي اﻻعارات رقم الطلب الباركود تاريخ اخر مشاهدة تاريخ تفعيل السعر نوع وعاء كوها
        مكتبة القاهرة الكبرى مكتبة القاهرة الكبرى 03/26/2014   811.008\ا ع 70293 03/26/2014 03/26/2014 كتاب
        مكتبة القاهرة الكبرى مكتبة القاهرة الكبرى 03/26/2014   811.008\ا ع 70294 03/26/2014 03/26/2014 كتاب

Powered By

EGPV